El conde Lucanor

Uloženo v:
Podrobná bibliografie
Hlavní autor: Juan Manuel, Infante don
Médium: Kniha
Jazyk:Undetermined
Vydáno: Buenos Aires, Argentina Kapelusz 1961
Témata:
Tagy: Přidat tag
Žádné tagy, Buďte první, kdo vytvoří štítek k tomuto záznamu!

MARC

LEADER 00000nam a2200000Ia 4500
008 170316s9999 xx 000 0 und d
040 |a cru BVZT 
090 |a 862 J-7c 
100 |a Juan Manuel, Infante don 
245 |a El conde Lucanor 
260 |a Buenos Aires, Argentina 
260 |b Kapelusz 
260 |c 1961 
300 |a 99 páginas 
650 |a LITERATURA ESPAÑOLA 
650 |a PROSA NARRATIVA 
650 |a EL CONDE LUCANOR 
999 |c 10040  |d 10040 
942 |c 15 D  |h 862 J-7c  |2 z